Fundamentals of thermal-fluid sciences / (Record no. 100023)

MARC details
000 -LEADER
fixed length control field 01552nam a22003017a 4500
005 - DATE AND TIME OF LATEST TRANSACTION
control field 20160520125916.0
010 ## - LCCN (DPL NO)
LC control number ENG-115122
020 ## - INTERNATIONAL STANDARD BOOK NUMBER
International Standard Book Number 9789352601998
Terms of availability 1100.00
020 ## - INTERNATIONAL STANDARD BOOK NUMBER
International Standard Book Number 9352601998
Terms of availability 1100.00
035 ## - SYSTEM CONTROL NUMBER
System control number EN-98654
037 ## - SOURCE OF ACQUISITION
Source of stock number/acquisition DBAD/PUB
082 ## - DEWEY DECIMAL CLASSIFICATION NUMBER
Classification number 621.402
100 ## - MAIN ENTRY--PERSONAL NAME
Personal name Cengel, Yunus A.
245 ## - TITLE STATEMENT
Title Fundamentals of thermal-fluid sciences /
Statement of responsibility, etc by Yunus A.Cengel, John M.Cimbala [and] Robert H. Turner
246 ## - VARYING FORM OF TITLE
Title proper/short title Thermal-fluid sciences
250 ## - EDITION STATEMENT
Edition statement 4th ed
260 ## - PUBLICATION, DISTRIBUTION, ETC. (IMPRINT)
Place of publication, distribution, etc New Delhi
Name of publisher, distributor, etc McGraw Hill Education
Date of publication, distribution, etc 2016
270 ## - ADDRESS
Address P-24,Green Park Extension,
City New Delhi
Postal code 110016
300 ## - PHYSICAL DESCRIPTION
Extent xx,1079p. :
Other physical details ill.
Dimensions 29cm(pbk)
Accompanying material 1CD-ROM
500 ## - GENERAL NOTE
General note Includes index
505 ## - FORMATTED CONTENTS NOTE
Formatted contents note Basic concepts of thermodynamics -- Energy, energy transfer & general energy analysis -- Properties of pure substances -- Energy analysis of closed systems -- Mass & energy analysis of control volumes -- The second law of thermodynamics -- Entropy -- Power and refrigeration cycles -- Introduction to fluid mechanics -- Fluid statics -- Bernoulli and energy equations -- Momentum analysis of flow structures -- Internal flow -- External flow: drag and lift -- Mechanisms of heat transfer -- Steady heat conduction -- Transient heat conduction -- Forced convection -- Natural convection -- Radiation heat transfer -- Heat exchanges.
650 ## - SUBJECT ADDED ENTRY--TOPICAL TERM
Topical term or geographic name as entry element Thermodynamics.
650 ## - SUBJECT ADDED ENTRY--TOPICAL TERM
Topical term or geographic name as entry element Heat
General subdivision Transmission.
650 ## - SUBJECT ADDED ENTRY--TOPICAL TERM
Topical term or geographic name as entry element Fluid mechanics.
700 ## - ADDED ENTRY--PERSONAL NAME
Personal name Cimbala, John M.
700 ## - ADDED ENTRY--PERSONAL NAME
Personal name Turner, Robert H.
942 ## - ADDED ENTRY ELEMENTS (KOHA)
Source of classification or shelving scheme Dewey Decimal Classification
Item type English Books
Call number suffix CEN
Classification part 621.402
Holdings
Withdrawn status Lost status Not for loan Collection code Home library Current library Date acquired Source of acquisition Cost, normal purchase price Full call number Barcode Copy number Cost, replacement price Koha item type
      Non-fiction Patel Nagar Patel Nagar 20/05/2016 DBAD/PUB 1100.00 621.402 CEN EN-98654 1 1100.00 English Books

© Delhi Public Library
Hit Counter
free hit counter